| 000 | 00523nam a2200193Ia 4500 | ||
|---|---|---|---|
| 005 | 20250326140444.0 | ||
| 008 | 250326s9999 xx 000 0 und d | ||
| 037 | _aTextbook | ||
| 040 |
_aFMSL _beng _cFMSL |
||
| 041 |
_aeng _2eng |
||
| 084 |
_aX65 P3 _qFMSL |
||
| 100 | _aMayo H B | ||
| 245 | 0 |
_aInvestments: an introduction _cMayo H B |
|
| 250 | _aEd 7 | ||
| 260 |
_aUnited Kingdom _bUnited Kingdom, Thomson South-Western _c2003 |
||
| 300 | _axxx,v | ||
| 942 |
_cTB _hX65 P3 |
||
| 999 |
_c1285891 _d1285891 |
||